State of primary education in Bangladesh : progress made, challenges remained /

Dettagli Bibliografici
Autore principale: Nath, Samir R.
Ente Autore: Campaign for Popular Education (Organization)
Altri autori: Chowdhury, A. M. Raza
Natura: Libro
Lingua:English
Pubblicazione: Dhaka : Campaign for Popular Education, Bangladesh, 2009.
Soggetti:
Classic Catalogue: View this record in Classic Catalogue
LEADER 02275nam a2200409 a 4500
001 44407
003 BD-DhAAL
005 20250424154236.0
008 250424t2009 bg bs 001 0 eng
010 |a  2009305906 
020 |a 97898433083909 
025 |a B-E-2009-305906; 22-91 
037 |b Library of Congress -- New Delhi Overseas Office  |c TK600.00 ($15.00 U.S.) 
040 |a DLC  |c DLC  |d DLC  |d BD-DhAAL 
042 |a lcode  |a pcc 
043 |a a-bg--- 
050 0 0 |a LA1167  |b .N37 2009 
082 |a 372.95492  |2 23 
100 1 |a Nath, Samir R. 
245 1 0 |a State of primary education in Bangladesh :  |b progress made, challenges remained /  |c Samir Ranjan Nath, A. Mushtaque R. Chowdhury. 
246 1 |i At head of title:  |a Education watch 2008 
246 3 0 |a Progress made, challenges remained 
260 |a Dhaka :  |b Campaign for Popular Education, Bangladesh,  |c 2009. 
300 |a xxxix, 199 pages ;  |c 30 cm. 
500 |a Includes statistical tables. 
504 |a Includes bibliographical references (p. 129-132) and index. 
541 |a Complimentary copy from Dr. Ahmed Mushtaque Raza Chowdhury (Former Vice Chairperson of BRAC)  |e 44407, 44408 
650 0 |a Education, Primary  |z Bangladesh  |x Evaluation.  |9 36482 
650 0 |a Education, Primary 
650 0 |a Educational surveys  |z Bangladesh. 
650 0 |a Educational tests and measurements  |z Bangladesh.  |9 58144 
700 1 |a Chowdhury, A. M. Raza. 
710 2 |a Campaign for Popular Education (Organization) 
942 |2 ddc  |c BK 
999 |c 47292  |d 47292 
952 |0 0  |1 0  |2 ddc  |4 0  |6 372_954920000000000_NAT  |7 1  |9 77666  |a BRACUL  |b BRACUL  |c AMRC  |d 2025-04-24  |e Complimentary copy from Dr. Ahmed Mushtaque Raza Chowdhury (Former Vice Chairperson of BRAC)  |g 600.00  |l 0  |o 372.95492 NAT  |p 3010044407  |r 2025-04-24  |t 1  |w 2025-04-24  |y BK  |x Complimentary copy received from Dr. Ahmed Mushtaque Raza Chowdhury (Former Vice Chairperson of BRAC) on 17 April 2025  
952 |0 0  |1 0  |2 ddc  |4 0  |6 372_954920000000000_NAT  |7 1  |9 77667  |a BRACUL  |b BRACUL  |c AMRC  |d 2025-04-24  |e Complimentary copy from Dr. Ahmed Mushtaque Raza Chowdhury (Former Vice Chairperson of BRAC)  |g 600.00  |l 0  |o 372.95492 NAT  |p 3010044408  |r 2025-04-24  |t 2  |w 2025-04-24  |y BK  |x Complimentary copy received from Dr. Ahmed Mushtaque Raza Chowdhury (Former Vice Chairperson of BRAC) on 17 April 2025